Engineering Mathematics (Record no. 2677)

MARC details
000 -LEADER
Fixed length control field 00404nam a2200169 4500
003 - CONTROL NUMBER IDENTIFIER
Control field SEACOMEC
005 - DATE AND TIME OF LATEST TRANSACTION
Control field 20260421133009.0
008 - FIXED-LENGTH DATA ELEMENTS--GENERAL INFORMATION
Fixed length control field 260421b |||||||| |||| 00| 0 eng d
040 ## - CATALOGING SOURCE
Original cataloging agency SEACOMEC
082 ## - DEWEY DECIMAL CLASSIFICATION NUMBER
Classification number 510.02462
Book Number P153
100 ## - MAIN ENTRY--PERSONAL NAME
Personal name Pal, B.K
245 ## - TITLE STATEMENT
Title Engineering Mathematics
Statement of responsibility B.K Pal and K Das
260 ## - IMPRINT
Place of publication Kolkata
Name of publisher U.N Dhur & Sons
Date of publication 2012
300 ## - PHYSICAL DESCRIPTION
Page / Vol. No IV
650 ## - SUBJECT ADDED ENTRY--TOPICAL TERM
Topical term Math
942 ## - ADDED ENTRY ELEMENTS (KOHA)
Koha item type Gifted/Donated Books
Holdings
Withdrawn status Lost status Source of classification Damaged status Not for loan Home library Current library Date acquired Total Checkouts Call number Accession number Date last seen Price effective from Koha item type
    Dewey Decimal Classification     SEACOM ENGINEERING COLLEGE SEACOM ENGINEERING COLLEGE 21/04/2026   510.02462 P153 G33 21/04/2026 21/04/2026 Gifted/Donated Books
    Dewey Decimal Classification     SEACOM ENGINEERING COLLEGE SEACOM ENGINEERING COLLEGE 21/04/2026   510.02462 P153 G34 21/04/2026 21/04/2026 Gifted/Donated Books
© Seacom Engineering College, All rights reserved.      Powered by Koha